000 00929cam a2200241 4500
001 WB3610-16
008 000000n2000 000 0 eng u
035 _a(Sirsi) u104687
245 _aUnclear policy harms towns
260 _c2000
490 _aPlanning (for the Natural and Built Environment)
_v(1358) 3 March 2000, 3(1)
520 _aA report by the National Retail Planning Forum, "The sequential approach to retail development", suggests that retailers are unhappy with local authorities' interpretation of PPG6, which they claim is applied in an inconsistent and inflexible way.
590 _aWB
650 _aPLANNING POLICY GUIDANCE NOTE SIX
650 _aSEQUENTIAL APPROACH
650 _aSURVEYS
650 _aRETAIL DEVELOPMENT
650 _aOUT OF TOWN DEVELOPMENT
650 _aPLANNING SYSTEM
650 _aNATIONAL RETAIL PLANNING FORUM
690 _aPROPERTY-PROPERTY DEVELOPMENT
942 _n0
999 _c62811
_d62811